000 00431nam a2200157Ia 4500
008 210716s1996 xx 000 0 und d
020 _a8170297265
041 _aeng
082 _a006.37 SMIL
100 _aSmith, Larry W;Campbell, David L;Vihlen, Eric W.
245 _aVisual basic 4.0 example book.
250 _a1
260 _aNew Delhi
_bBPB Publications
_c1996
300 _avi,1.1-5.9,A.1-A.135
650 _aVisual Basic
999 _c183027
_d183027